Normal view
MARC view
- LINDGREEN [A.]
Entry Personal Name
001 - CONTROL NUMBER
- control field: 35449
003 - CONTROL NUMBER IDENTIFIER
- control field: OSt
005 - DATE AND TIME OF LATEST TRANSACTION
- control field: 20260604101936.0
008 - FIXED-LENGTH DATA ELEMENTS
- fixed length control field: 260604|| aca||aabn | a|a d
040 ## - CATALOGING SOURCE
- Original cataloging agency: OSt
- Transcribing agency: OSt
100 ## - HEADING--PERSONAL NAME
- Personal name: LINDGREEN [A.]
670 ## - SOURCE DATA FOUND
- Source citation: Work cat.: (OSt)8269: LINDGREEN [A.], HOW TO FAST-TRACK YOUR ACADEMIC CAREER: A GUIDE FOR MID-CAREER SCHOLARS: SECOND